| 000 | 01304nam a2200241Ia 4500 | ||
|---|---|---|---|
| 003 | Ost | ||
| 005 | 20260507075802.0 | ||
| 008 | 260507s9999||||xx |||||||||||||| ||und|| | ||
| 020 | _a9789777538145 | ||
| 040 | _cfsecg | ||
| 041 | _aara | ||
| 082 | _a657 | ||
| 100 |
_aشوقي، يعيش تمام _eمؤلف |
||
| 245 | 0 |
_aمجلس المحاسبة الجزائري : _bالتنظيم والاختصاصات / _c يعيش تمام شوقي |
|
| 260 |
_aالاسكندرية : _bمكتبة الوفاء القانونية, _c2021 |
||
| 300 |
_a152 صفحة؛ _bإيضاحات ؛ _c24 سم |
||
| 504 | _aبيبليوغرافيا: ص ص139-147 | ||
| 520 | _aيضم الإطار العضوي لمجلس المحاسبة منها الأحكام الناظمة للتشكيلة القضائية لمجلس المحاسبة والأحكام الناظمة للتركيبة الهيكلة لمجلس المحاسبة، الإطار الوظيفي لمجلس المحاسبةبما فيه حدود الصلاحيات الممنوحة لمجلس المحاسبة وآليات عمل مجلس المحاسبة والآثار المترتبة عليها. | ||
| 653 | _aالمجالس الاقتصادية | ||
| 653 | _aالمحاسبة | ||
| 653 | _aالمحاسبة الادارية | ||
| 942 | _cكتاب | ||
| 999 |
_c46290 _d46290 |
||